[Event "Minsk ODM Team Cup U16"]
[Site "Minsk"]
[Date "2021.??.??"]
[Round "4.2"]
[White "Spizharny, Mikhail"]
[Black "Karas, Andrei"]
[Result "1-0"]
[WhiteElo "2153"]
[BlackElo "1654"]
[PlyCount "69"]
[EventDate "2021.03.01"]
[EventType "team-tourn"]
[EventRounds "7"]
[EventCountry "BLR"]
[SourceTitle "EXT 2022"]
[Source "ChessBase"]
[SourceDate "2021.10.06"]
[SourceVersion "1"]
[SourceVersionDate "2021.10.06"]
[SourceQuality "1"]
[WhiteTeam "Vitebsk Region"]
[BlackTeam "Grodnensk Region"]
[WhiteTeamCountry "BLR"]
[BlackTeamCountry "BLR"]

1. e4 c5 2. Nf3 Nc6 3. Bb5 g6 4. Bxc6 dxc6 5. d3 Bg7 6. h3 Nf6 7. 0-0 Nd7 8. Nc3 e5 9. Be3 Qe7 10. Qd2 Nf8 11. Bh6 f6 12. Bxg7 Qxg7 13. Na4 Ne6 14. Qa5 Qe7 15. a3 0-0 16. b4 cxb4 17. Nb6 Rb8 18. Qxa7 Bd7 19. axb4 Nf4 20. Nxd7 Qxd7 21. Rfe1 g5 22. Nh2 h5 23. Nf1 Kh8 24. Ne3 Rg8 25. Nf5 g4 26. h4 g3 27. fxg3 Ne6 28. Rf1 Qe8 29. Qe3 Rg6 30. Rf3 Qf8 31. Ra4 Qf7 32. Rf2 Kh7 33. Ra7 Rd8 34. Qf3 Rgg8 35. Rxb7 1-0

[Event "Orsha op"]
[Site "Orsha"]
[Date "2019.01.18"]
[Round "2"]
[White "Karas, Andrei"]
[Black "Tsesler, Yakau"]
[Result "0-1"]
[WhiteElo "1422"]
[BlackElo "1895"]
[PlyCount "68"]
[EventDate "2019.01.18"]
[EventType "swiss"]
[EventRounds "9"]
[EventCountry "BLR"]
[SourceTitle "CBM 188 Extra"]
[Source "ChessBase"]
[SourceDate "2019.02.26"]
[SourceVersion "1"]
[SourceVersionDate "2019.02.26"]
[SourceQuality "1"]

1. c4 e6 2. g3 d5 3. Bg2 Nf6 4. Nf3 Nbd7 5. b3 Be7 6. 0-0 c6 7. Bb2 0-0 8. d3 b6 9. Nbd2 Bb7 10. Rc1 Rc8 11. d4 Re8 12. e3 a6 13. Qe2 b5 14. Rfd1 Bd6 15. Ne5 Qc7 16. Nd3 Qb8 17. c5 Bc7 18. f4 Kh8 19. Kf2 Ng8 20. h4 f6 21. Nf3 Nh6 22. Bh3 Rcd8 23. g4 Nf7 24. g5 e5 25. dxe5 fxe5 26. Bxd7 Rxd7 27. Ndxe5 Nxe5 28. Nxe5 Rde7 29. g6 h6 30. Qh5 Kg8 31. Ng4 Bxf4 32. Bd4 Bc8 33. Rc3 Rf8 34. Kg2 Rf5 0-1